ბათუმის შოთა რუსთაველის სახელმწიფო უნივერსიტეტის ბიბლიოთეკა

დეკორაციული დენდროლოგია. წიგნი 1 (ბიბ.ჩანაწერი № 50741)

000 -LEADER
fixed length control field 01373nam a2200265Ia 4500
001 - CONTROL NUMBER
control field 17693
003 - CONTROL NUMBER IDENTIFIER
control field GE_BSU
008 - FIXED-LENGTH DATA ELEMENTS--GENERAL INFORMATION
fixed length control field 181216s||||||||xx |||||||||||||| ||und||
020 ## - INTERNATIONAL STANDARD BOOK NUMBER
International Standard Book Number 9789941432200
040 ## - CATALOGING SOURCE
Transcribing agency GE_BSU
080 ## - UNIVERSAL DECIMAL CLASSIFICATION NUMBER
Universal Decimal Classification number 581.526(075.8)+630
100 ## - MAIN ENTRY--PERSONAL NAME
Personal name ტყავაძე,მ., კილაძე,რ.,გუბელაძე,ე.
245 ## - TITLE STATEMENT
Title დეკორაციული დენდროლოგია. წიგნი 1
245 ## - TITLE STATEMENT
Remainder of title სახ-ლო საბაღო-საპარკო მეურნეობის, ტურიზმისა და აგროტექნოლოგიის სპეც. სტუდ-ს
245 ## - TITLE STATEMENT
Statement of responsibility, etc. რედ.ე.ბენიძე, მხარვ.-გამფორმებ.გ.ჩანტლაძე
260 ## - PUBLICATION, DISTRIBUTION, ETC.
Place of publication, distribution, etc. ქუთაისი
260 ## - PUBLICATION, DISTRIBUTION, ETC.
Name of publisher, distributor, etc. აკაკი წერეთლის სახ. უნ-ტი
260 ## - PUBLICATION, DISTRIBUTION, ETC.
Date of publication, distribution, etc. 2011
300 ## - PHYSICAL DESCRIPTION
Extent 293გვ.28სმ.ილ.
300 ## - PHYSICAL DESCRIPTION
Accompanying material მცენარ.ქართ.სახელწ. საძიებ.:გვ.286-287. მცენარ ლათინ.სახელწ. საძიებ.:გვ.287-288. ბიბლიოგრ.289-290
653 ## - INDEX TERM--UNCONTROLLED
Uncontrolled term ბოტანიკა
653 ## - INDEX TERM--UNCONTROLLED
Uncontrolled term დეკორაციული დენდროლოგია
653 ## - INDEX TERM--UNCONTROLLED
Uncontrolled term ეკოლოგია
942 ## - ADDED ENTRY ELEMENTS (KOHA)
Koha item type წიგნი
ეგზემპლარები
Withdrawn status Lost status Damaged status Not for loan Date acquired Barcode Date last seen Price effective from Koha item type
        2018-12-17 41549 2018-12-17 2018-12-17 წიგნი